[Event "TV Borken 1 - SK Dülmen 1"]
[Site "Verbandsliga 2018/2019"]
[Date "2019.03.16"]
[Round "8.2"]
[White "Beckmann, David"]
[Black "Grund, Wolfgang"]
[Result "0-1"]
[WhiteElo "2034"]
[BlackElo "1855"]
[PlyCount "82"]
[EventDate "2019.??.??"]
[SourceDate "2018.09.09"]

1. d4 d5 2. Nf3 g6 3. g3 Bg7 4. Bg2 Nc6 5. O-O Bg4 6. c3 Nf6 7. Nbd2 O-O 8. h3
Be6 9. e4 Nxe4 10. Nxe4 dxe4 11. Ng5 Bc4 12. Re1 f5 13. b3 Bf7 14. Nxf7 Rxf7
15. Be3 e6 16. f3 exf3 17. Qxf3 e5 18. dxe5 Bxe5 19. Rad1 Qf6 20. Bd2 Rd8 21.
Bf1 Kg7 22. Qe3 Rxd2 23. Rxd2 Bxc3 24. Red1 Bxd2 25. Qxd2 Re7 26. Bg2 Ne5 27.
Qb4 b6 28. Rd8 Nf7 29. Ra8 a5 30. Qa3 Nd6 31. Qc1 Qd4+ 32. Kh2 Ne4 33. Qf4 Qf2
34. Qxf2 Nxf2 35. Kg1 Ne4 36. g4 fxg4 37. hxg4 Nc3 38. a3 Kh6 39. Rc8 Kg5 40.
Bf3 Nb5 41. a4 Nd4 0-1

[Event "TV Borken 1 - SK Dülmen 1"]
[Site "Verbandsliga 2018/2019"]
[Date "2019.03.16"]
[Round "8.3"]
[White "Nolting, Bodo"]
[Black "Schroer, Klaus"]
[Result "0-1"]
[WhiteElo "1708"]
[BlackElo "2017"]
[PlyCount "46"]
[EventDate "2019.??.??"]
[SourceDate "2018.09.09"]

1. e4 e5 2. Nf3 Nc6 3. Bc4 Bc5 4. c3 Nf6 5. d4 exd4 6. cxd4 Bb4+ 7. Bd2 Bxd2+
8. Nbxd2 d5 9. exd5 Nxd5 10. O-O O-O 11. Bxd5 Qxd5 12. Qb3 Rd8 13. Qxd5 Rxd5
14. Nb3 Bg4 15. Rac1 f6 16. Rfe1 Kf7 17. Nfd2 Rc8 18. Rc5 Rxc5 19. dxc5 Rd8 20.
f3 Be6 21. f4 a5 22. Nf3 Bxb3 23. axb3 Rd3 0-1

[Event "TV Borken 1 - SK Dülmen 1"]
[Site "Verbandsliga 2018/2019"]
[Date "2019.03.16"]
[Round "8.4"]
[White "Farwick, Christian"]
[Black "Rebber, Christian"]
[Result "1-0"]
[WhiteElo "1811"]
[BlackElo "1817"]
[PlyCount "49"]
[EventDate "2019.??.??"]
[SourceDate "2018.09.09"]

1. Nf3 Nf6 2. d4 d5 3. c3 b6 4. Bf4 Bb7 5. e3 e6 6. Bd3 Be7 7. Nbd2 Nbd7 8. h3
h6 9. Qe2 a5 10. Ne5 Nxe5 11. Bxe5 O-O 12. O-O Bd6 13. f4 Ne4 14. Bxe4 dxe4 15.
Qg4 Bxe5 16. fxe5 Qg5 17. Rf4 f5 18. exf6 Rxf6 19. Qxg5 hxg5 20. Rg4 Rf5 21.
Rf1 Raf8 22. Rxf5 exf5 23. Rxg5 f4 24. Kf2 Re8 25. Re5 1-0

[Event "TV Borken 1 - SK Dülmen 1"]
[Site "Verbandsliga 2018/2019"]
[Date "2019.03.16"]
[Round "8.5"]
[White "Loedding, Detlef"]
[Black "Bohn, Andreas"]
[Result "1/2-1/2"]
[WhiteElo "1869"]
[BlackElo "1829"]
[PlyCount "58"]
[EventDate "2019.??.??"]
[SourceDate "2018.09.09"]

1. c4 Nf6 2. Nc3 e6 3. e4 d6 4. d4 Be7 5. Bd3 Nbd7 6. f4 e5 7. d5 Nc5 8. Nf3
Bg4 9. O-O O-O 10. h3 Bxf3 11. Rxf3 Nfd7 12. f5 Bg5 13. Bc2 a5 14. Rg3 Bxc1 15.
Qxc1 Kh8 16. Qe3 f6 17. h4 Rf7 18. Kf2 Nf8 19. Ke2 Qd7 20. b3 Ra6 21. Rh3 Rb6
22. Rb1 c6 23. g4 g6 24. Kd2 Qd8 25. g5 Rg7 26. Rf1 fxg5 27. f6 Rf7 28. hxg5 a4
29. bxa4 Rb4 1/2-1/2

[Event "TV Borken 1 - SK Dülmen 1"]
[Site "Verbandsliga 2018/2019"]
[Date "2019.03.16"]
[Round "8.6"]
[White "Klugstedt, Vincent"]
[Black "Koetting, Hans Erich"]
[Result "1/2-1/2"]
[WhiteElo "1885"]
[BlackElo "1864"]
[PlyCount "107"]
[EventDate "2019.??.??"]
[SourceDate "2018.09.09"]

1. d4 d5 2. c4 c6 3. Nc3 Nf6 4. Qc2 a6 5. Nf3 e6 6. Bg5 Be7 7. e3 Nbd7 8. Bd3
O-O 9. O-O Re8 10. c5 h6 11. Bf4 Nh5 12. Be5 Nf8 13. b4 f6 14. Bg6 Nxg6 15.
Qxg6 fxe5 16. Qxh5 exd4 17. exd4 Rf8 18. Ne5 Rf5 19. Qg6 Qf8 20. Rae1 Bg5 21.
Re2 Bf4 22. Nf3 Bd7 23. Nd1 Rf6 24. Qd3 Re8 25. Ne5 Bc8 26. g3 Bxe5 27. Rxe5
Re7 28. f4 Ref7 29. Ne3 Bd7 30. a4 Qd8 31. Nd1 a5 32. b5 b6 33. Ne3 Qf8 34. Ng4
Rf5 35. bxc6 Bxc6 36. Rxe6 Qc8 37. Rxh6 gxh6 38. Nxh6+ Kg7 39. Nxf5+ Rxf5 40.
cxb6 Rf7 41. Rc1 Qe8 42. Rc5 Re7 43. Rxa5 Re1+ 44. Kf2 Rh1 45. Ra7+ Bd7 46. Kg2
Re1 47. Qf3 Kf6 48. Kf2 Bh3 49. Rf7+ Kxf7 50. Qh5+ Kg7 51. Qg5+ Kh7 52. Qh4+
Kg7 53. Qg5+ Kh7 54. Qh4+ 1/2-1/2

[Event "TV Borken 1 - SK Dülmen 1"]
[Site "Verbandsliga 2018/2019"]
[Date "2019.03.16"]
[Round "8.7"]
[White "Liebing, Ingo"]
[Black "Wagner, Nils Frederic"]
[Result "1-0"]
[WhiteElo "1749"]
[BlackElo "1665"]
[PlyCount "57"]
[EventDate "2019.??.??"]
[SourceDate "2018.09.09"]

1. e4 e5 2. g3 Nf6 3. Bg2 Bc5 4. h3 d6 5. Ne2 O-O 6. O-O Nc6 7. d3 h6 8. Nbc3
a6 9. Kh2 Be6 10. f4 Nd4 11. f5 Bd7 12. g4 Nh7 13. Nxd4 Bxd4 14. Qe1 f6 15. h4
c6 16. Bd2 Qe7 17. Qg3 Rf7 18. Bf3 Rc8 19. Rh1 Qd8 20. Kg2 Kf8 21. g5 fxg5 22.
hxg5 Nxg5 23. Bh5 Rf6 24. Bxg5 hxg5 25. Bg6 Ke7 26. Rh7 Rxg6 27. fxg6 Kf6 28.
Qf3+ Kxg6 29. Qh5+ 1-0

[Event "TV Borken 1 - SK Dülmen 1"]
[Site "Verbandsliga 2018/2019"]
[Date "2019.03.16"]
[Round "8.8"]
[White "Klueppel, Ralf"]
[Black "Tecklenborg, Georg"]
[Result "1/2-1/2"]
[WhiteElo "1734"]
[BlackElo "1745"]
[PlyCount "122"]
[EventDate "2019.??.??"]
[SourceDate "2018.09.09"]

1. d4 d5 2. Nf3 e6 3. e3 Bd6 4. b3 f5 5. g3 c6 6. Bg2 Nf6 7. O-O Nbd7 8. c4 O-O
9. Ba3 Bxa3 10. Nxa3 Qe7 11. Nc2 e5 12. dxe5 Nxe5 13. Nxe5 Qxe5 14. cxd5 Rd8
15. Qd4 Qxd4 16. Nxd4 Nxd5 17. Rac1 Kf7 18. Rc5 Be6 19. Bxd5 Bxd5 20. Nxf5 a5
21. f3 a4 22. Rf2 axb3 23. axb3 Bxb3 24. Rb2 Rd1+ 25. Kg2 Ra2 26. Rxa2 Bxa2 27.
Rc2 Be6 28. Nd4 Ra1 29. Kf2 Ra2 30. Ke2 Rxc2+ 31. Nxc2 c5 32. Kd2 Bc4 33. Ne1
Ke6 34. Kc3 Be2 35. Nd3 Kd6 36. Ne1 b5 37. Kd2 Bf1 38. Kc3 Kd5 39. e4+ Kd6 40.
f4 b4+ 41. Kb3 Bh3 42. Nd3 Kc6 43. f5 Kb5 44. Nf4 Bg4 45. Kc2 Bf3 46. e5 Be4+
47. Kb2 Bxf5 48. e6 c4 49. e7 Bd7 50. Nh5 c3+ 51. Kc1 Kc4 52. Nxg7 Kd3 53. e8=Q
Bxe8 54. Nxe8 b3 55. Nd6 b2+ 56. Kb1 Kd2 57. Ne4+ Kd3 58. Nxc3 Kxc3 59. g4 Kd4
60. Kxb2 Ke4 61. Kc3 Kf3 1/2-1/2

[Event "SF Telgte 1 - SG Turm Raesfeld/Erle 2"]
[Site "Verbandsliga 2018/2019"]
[Date "2019.03.16"]
[Round "8.1"]
[White "Pliete, Christian"]
[Black "Lodde, Martin"]
[Result "1-0"]
[WhiteElo "1826"]
[BlackElo "1946"]
[PlyCount "125"]
[EventDate "2019.??.??"]
[SourceDate "2018.09.09"]

1. e4 e6 2. Nf3 d5 3. e5 c5 4. b4 b6 5. b5 a6 6. c3 axb5 7. Bxb5+ Bd7 8. Bxd7+
Qxd7 9. O-O Ne7 10. d4 Nf5 11. Nbd2 c4 12. Re1 Be7 13. Nf1 Nc6 14. Ne3 Nxe3 15.
Rxe3 b5 16. Ne1 b4 17. cxb4 Nxb4 18. a3 Nc6 19. Rg3 g6 20. Bh6 Na5 21. Qg4 Nb3
22. Ra2 Rxa3 23. Rxa3 Bxa3 24. Bg7 Rg8 25. Bf6 Be7 26. Nf3 Qa7 27. h3 h6 28.
Qh4 Bf8 29. Qf4 Qa2 30. Qe3 Qc2 31. Kh2 Qe4 32. Qc3 Qe2 33. Kg1 Qa2 34. Qe3 Qa5
35. Qe2 Be7 36. Qe3 Kd7 37. Qxh6 Nxd4 38. Bxe7 Nxf3+ 39. Rxf3 Qa1+ 40. Kh2
Qxe5+ 41. g3 Kxe7 42. Ra3 Qb8 43. Qg5+ f6 44. Qe3 Rc8 45. Ra6 e5 46. Qf3 Rf8
47. Qxd5 Rf7 48. Qc5+ Kd8 49. Qd5+ Rd7 50. Qg8+ Kc7 51. Rc6+ Kxc6 52. Qxb8 Rd6
53. Qg8 Kc5 54. Qxg6 c3 55. Qc2 Kb4 56. Qb1+ Kc4 57. Kg2 Rd2 58. Kf3 c2 59.
Qa2+ Kc3 60. Qa3+ Kd4 61. Qb2+ Kd3 62. Qb3+ Kd4 63. Qe3+ 1-0

[Event "SF Telgte 1 - SG Turm Raesfeld/Erle 2"]
[Site "Verbandsliga 2018/2019"]
[Date "2019.03.16"]
[Round "8.3"]
[White "Kadenbach, Wolfgang"]
[Black "Junker, Axel"]
[Result "1/2-1/2"]
[WhiteElo "1733"]
[BlackElo "1928"]
[PlyCount "92"]
[EventDate "2019.??.??"]
[SourceDate "2018.09.09"]

1. d4 Nf6 2. c4 e6 3. Nc3 d5 4. Nf3 Be7 5. Bg5 h6 6. Bh4 Nbd7 7. e3 c6 8. Rc1
O-O 9. Bd3 a6 10. c5 e5 11. dxe5 Ne8 12. Bg3 Nxc5 13. Bb1 g6 14. h3 Ng7 15. Nd4
Re8 16. O-O Qb6 17. Qd2 Bd7 18. f4 Nce6 19. f5 Nxd4 20. fxg6 Ndf5 21. gxf7+
Kxf7 22. Kh2 Kg8 23. Rf3 Be6 24. Rcf1 Rf8 25. Qc2 h5 26. Ne2 Qc5 27. Qd3 Qc4
28. Qd2 Bb4 29. Qd1 Nxg3 30. Nxg3 Rxf3 31. Rxf3 Be7 32. Rf4 d4 33. Nxh5 Bg5 34.
Nxg7 Bxf4+ 35. exf4 Kxg7 36. Qh5 d3 37. Qg5+ Kf8 38. f5 Bg8 39. e6 Bxe6 40.
Bxd3 Qxd3 41. Qh6+ Kg8 42. Qg6+ Kh8 43. Qh6+ Kg8 44. Qxe6+ Kf8 45. Qf6+ Kg8 46.
Qg6+ Kh8 1/2-1/2

[Event "SF Telgte 1 - SG Turm Raesfeld/Erle 2"]
[Site "Verbandsliga 2018/2019"]
[Date "2019.03.16"]
[Round "8.4"]
[White "Kuhlenbaeumer, Willi"]
[Black "Hoffmann, Fabian"]
[Result "1-0"]
[WhiteElo "1922"]
[BlackElo "1945"]
[PlyCount "86"]
[EventDate "2019.??.??"]
[SourceDate "2018.09.09"]

1. e4 c6 2. d4 d5 3. Nd2 dxe4 4. Nxe4 Bf5 5. Ng3 Bg6 6. h4 h6 7. Nf3 Nd7 8. h5
Bh7 9. Bd3 Bxd3 10. Qxd3 Ngf6 11. Be3 e6 12. O-O-O Qa5 13. Kb1 O-O-O 14. Qb3
Bd6 15. Nd2 Bxg3 16. fxg3 Nb6 17. c4 Qf5+ 18. Ka1 Ne4 19. Nf3 Nxg3 20. Rh3 Ne4
21. Ne5 Rhf8 22. g4 Qf6 23. Rf3 Qe7 24. a4 Nd7 25. Nd3 Kb8 26. a5 Ndf6 27. Ne5
Qc7 28. Qa4 Ka8 29. Bf4 Qc8 30. a6 c5 31. axb7+ Qxb7 32. Rb3 Qc8 33. Ra3 a6 34.
Nc6 Rd7 35. Rb3 cxd4 36. Rb6 Nc5 37. Qb4 Nfe4 38. Be5 Rb7 39. Na5 Rxb6 40. Qxb6
d3 41. b4 Nf2 42. Bc7 Qd7 43. Nc6 Nb3+ 1-0

[Event "SF Telgte 1 - SG Turm Raesfeld/Erle 2"]
[Site "Verbandsliga 2018/2019"]
[Date "2019.03.16"]
[Round "8.5"]
[White "Fasselt, Hendrik"]
[Black "Esser, Peter"]
[Result "1-0"]
[WhiteElo "1826"]
[BlackElo "1770"]
[PlyCount "87"]
[EventDate "2019.??.??"]
[SourceDate "2018.09.09"]

1. b3 d5 2. Bb2 Bg4 3. Nf3 Bxf3 4. exf3 e6 5. f4 Nf6 6. g3 g6 7. Bg2 Bg7 8. O-O
O-O 9. d3 c6 10. Nd2 Nh5 11. Bxg7 Nxg7 12. Nf3 Qd6 13. Qd2 Nd7 14. Rfe1 a5 15.
Qc3 Qb4 16. Qb2 Ra6 17. a3 Qd6 18. Rac1 b5 19. d4 c5 20. dxc5 Qxc5 21. Nd4 Nf5
22. Nxf5 gxf5 23. Bf1 Rb6 24. b4 axb4 25. axb4 Qc6 26. Ra1 Rc8 27. Bd3 Rb7 28.
Ra5 Rcb8 29. Rea1 Qc7 30. h4 Qd8 31. Qd4 Qf6 32. Qxf6 Nxf6 33. Ra8 Ne4 34.
Rxb8+ Rxb8 35. Ra6 Nc3 36. Kf1 Kf8 37. Ke1 Ke7 38. Kd2 Ne4+ 39. Ke3 Nd6 40. Kd4
Ne4 41. Bxe4 fxe4 42. Kc5 Rc8+ 43. Kxb5 Rxc2 44. Ra7+ 1-0

[Event "SF Telgte 1 - SG Turm Raesfeld/Erle 2"]
[Site "Verbandsliga 2018/2019"]
[Date "2019.03.16"]
[Round "8.6"]
[White "Kuhlenbaeumer, Alfred"]
[Black "Tuente, Marcel"]
[Result "0-1"]
[WhiteElo "1842"]
[BlackElo "1788"]
[PlyCount "66"]
[EventDate "2019.??.??"]
[SourceDate "2018.09.09"]

1. e4 e5 2. Nf3 Nc6 3. Bb5 Bc5 4. O-O d6 5. c3 Bd7 6. d4 exd4 7. cxd4 Bb6 8.
Nc3 Nge7 9. h3 h6 10. a3 O-O 11. Bc4 Ng6 12. Nd5 Nh4 13. Nxb6 axb6 14. Be3 Qf6
15. Nxh4 Qxh4 16. f4 Bxh3 17. Qd2 Bg4 18. f5 Qf6 19. Rae1 Rfe8 20. Rf4 h5 21.
Bf2 Ra4 22. Bb3 Raa8 23. g3 Na5 24. Ba2 c5 25. d5 b5 26. b4 Nc4 27. Bxc4 bxc4
28. bxc5 Rxa3 29. Bd4 Rxg3+ 30. Kf1 Qh4 31. Rxg4 hxg4 32. e5 Qh1+ 33. Ke2 Qf3#
0-1

[Event "SF Telgte 1 - SG Turm Raesfeld/Erle 2"]
[Site "Verbandsliga 2018/2019"]
[Date "2019.03.16"]
[Round "8.7"]
[White "Groemping, Franz Josef"]
[Black "Pohl, Detlev"]
[Result "0-1"]
[WhiteElo "1689"]
[BlackElo "1815"]
[PlyCount "94"]
[EventDate "2019.??.??"]
[SourceDate "2018.09.09"]

1. b4 e5 2. Bb2 Bxb4 3. Bxe5 Nf6 4. Nf3 Nc6 5. Bb2 d5 6. e3 a6 7. c4 O-O 8.
cxd5 Nxd5 9. Be2 Be6 10. O-O h6 11. a3 Be7 12. Qc2 Bf6 13. d4 Bg4 14. Nbd2 Re8
15. Bc4 Qd7 16. Rfe1 b5 17. Ba2 b4 18. Rac1 bxa3 19. Qxc6 axb2 20. Bxd5 bxc1=Q
21. Rxc1 Rab8 22. Qxd7 Bxd7 23. Rxc7 Be6 24. Bxe6 fxe6 25. Ra7 Ra8 26. Rxa8
Rxa8 27. Kf1 a5 28. Ke2 Kf7 29. Kd3 g5 30. Nc4 g4 31. Nfe5+ Bxe5 32. Nxe5+ Ke7
33. Nc4 Rf8 34. Ke2 a4 35. f3 Ra8 36. Na3 Rb8 37. Nc4 gxf3+ 38. gxf3 Rb3 39.
Na5 Rb2+ 40. Kd3 Rxh2 41. Nc4 h5 42. e4 h4 43. d5 exd5 44. exd5 h3 45. Ne3 Ra2
46. Ng4 h2 47. Nxh2 Rxh2 0-1

[Event "SF Telgte 1 - SG Turm Raesfeld/Erle 2"]
[Site "Verbandsliga 2018/2019"]
[Date "2019.03.16"]
[Round "8.8"]
[White "Dieckmann, Werner"]
[Black "Droste, Laurenz"]
[Result "1-0"]
[WhiteElo "1769"]
[BlackElo "1619"]
[PlyCount "61"]
[EventDate "2019.??.??"]
[SourceDate "2018.09.09"]

1. d4 e6 2. Nf3 b6 3. c4 Bb7 4. Nc3 Bb4 5. a3 Bxc3+ 6. bxc3 Ne7 7. Qc2 f5 8. e3
Ng6 9. d5 O-O 10. Bd3 Na6 11. a4 Nc5 12. Ba3 Nxd3+ 13. Qxd3 d6 14. O-O e5 15.
Nd2 e4 16. Qe2 Qg5 17. f4 exf3 18. Rxf3 Rae8 19. Re1 Bc8 20. Qf2 f4 21. exf4
Nxf4 22. Rxe8 Nh3+ 23. Rxh3 Rxe8 24. Rg3 Qh5 25. Nf3 Qf5 26. Bc1 Qb1 27. Qd2
Bf5 28. h3 Re4 29. Kh2 Rxc4 30. Qg5 g6 31. Qd8+ 1-0